00416nam a2200169 a 450000100060000000300090000600800410001502000150005604000280007108200150009910000230011424500330013726000310017030000090020149000150021065000210022513340CO-ViMGA141112s2004 ck r 000 u spa d a9580443912 aCO-ViMGAbspacCO-ViMGA04aA863 S157o1 aSanta Ana, Antonio10aLos ojos del perro siberiano aBogotá : bNorma, c1998 a132p aZona Libre14aNOVELA ARGENTINA